Stříbro & jed. Díl první, Elixír lží /
Úvodní díl fantasy série z magického New Yorku, kde se mísí svět lidí a kouzel. Avery Bishopová, mladá barmanka s nebezpečným talentem, se snaží skrývat svou minulost i příslušnost k nechvalně známému gangu.
Uloženo v:
| Série: | Stříbro & jed,
část 1 |
|---|---|
| Hlavní autor: | |
| Další autoři: | |
| Médium: | E-kniha |
| Jazyk: | Czech |
| Vydáno: |
Praha :
Dobrovský s.r.o.,
2025
|
| Edice: | King Cool
|
| Témata: | |
| Příbuzné jednotky: | Z cyklu::
Stříbro & jed |
| Tagy: |
Žádné tagy |
| LEADER | 02951nam a2200577 i 4500 | ||
|---|---|---|---|
| 001 | 312889 | ||
| 003 | CZ PrSKC | ||
| 005 | 20260601215730.0 | ||
| 007 | ta | ||
| 008 | 251208s2025 xr d 000 f cze | ||
| 015 | |a cnb003724150 | ||
| 020 | |a 9788027742288 |q (brožováno) : |c Kč 499,00 | ||
| 035 | |a (OCoLC)1578134404 | ||
| 040 | |a ABG001 |b cze |d BOA001 |d ABA001 |e rda | ||
| 041 | 1 | |a cze |h ger | |
| 072 | 7 | |a 821.112.2-3 |x Německá próza, německy psaná |2 Konspekt | |
| 072 | 7 | |a 821-93 |x Literatura pro děti a mládež (beletrie) |2 Konspekt | |
| 080 | |a 821.112.2-31 |2 MRF | ||
| 080 | |a 821-93-053.67 |2 MRF | ||
| 080 | |a 821-93 |2 MRF | ||
| 080 | |a (0:82-312.9) |2 MRF | ||
| 100 | 1 | |a Lück, Anne, |d 1991- |7 jo20251276834 |4 aut | |
| 240 | 1 | 0 | |a Elixier der Lügen. |l Česky |
| 245 | 1 | 0 | |a Stříbro & jed. |n Díl první, |p Elixír lží / |c Anne Lück ; přeložila Romana Hájková |
| 246 | 3 | |a Stříbro a jed | |
| 246 | 3 | 0 | |a Elixír lží |
| 264 | 1 | |a Praha : |b Dobrovský s.r.o., |c 2025 | |
| 300 | |a 365 stran ; |c 20 cm | ||
| 336 | |a text |b txt |2 rdacontent | ||
| 337 | |a bez média |b n |2 rdamedia | ||
| 338 | |a svazek |b nc |2 rdacarrier | ||
| 490 | 1 | |a King Cool | |
| 500 | |a Přeloženo z němčiny | ||
| 520 | 2 | |a Úvodní díl fantasy série z magického New Yorku, kde se mísí svět lidí a kouzel. Avery Bishopová, mladá barmanka s nebezpečným talentem, se snaží skrývat svou minulost i příslušnost k nechvalně známému gangu. |b V New Yorku dojde k několika tajemným vraždám a Avery Bishopová se dostává do hledáčku detektiva Hayese, který v NYPD vede speciální oddělení věnující se všemu, co souvisí se světem magie. A tak budou muset tihle dva - travička Avery Bishopová a detektiv Adam Hayes - spolupracovat a pokračovat tak ve svém dávném dětském přátelství, které ovšem skrývá jedno velmi temné tajemství. Nakladatelská anotace. Kráceno. | |
| 655 | 7 | |a německé romány |7 fd132945 |2 czenas | |
| 655 | 7 | |a fantasy romány |7 fd184199 |2 czenas | |
| 655 | 7 | |a literatura young adult |7 fd1185572 |2 czenas | |
| 655 | 7 | |a publikace pro mládež |7 fd133157 |2 czenas | |
| 655 | 9 | |a German fiction |2 eczenas | |
| 655 | 9 | |a fantasy novels |2 eczenas | |
| 655 | 9 | |a young adult literature |2 eczenas | |
| 655 | 9 | |a juvenile literature |2 eczenas | |
| 700 | 1 | |a Hájková, Romana, |d 1968- |7 xx0302026 |4 trl | |
| 765 | 1 | |t Silver & Poison | |
| 787 | 0 | 8 | |i Z cyklu: |t Stříbro & jed |g 1 |
| 830 | 0 | |a King Cool | |
| 900 | |a ABA001 |b 20 | ||
| 044 | |a xr | ||
| 910 | |a RBIT002 | ||
| 998 | |d 424342 |a https://core.palmknihy.cz/api/books/424342/cover?t722jl |b https://core.palmknihy.cz/api/books/424342/cover/400?t722jl |c https://core.palmknihy.cz/api/books/424342/cover/50?t722jl |e 2029-12-05 |g 368 |i 9788027742288 |j https://core.palmknihy.cz/api/books/424342/preview.epub |k https://core.palmknihy.cz/api/books/424342/preview.pdf |l |q 49 |r 1 |s https://www.palmknihy.cz/kniha/424342 |t ebook |y 2025 |z 0 |v Stříbro & jed |w 1 | ||
| 999 | |d 312887 | ||